LEADER 01088nam a2200205 i 4500 001 000000254114 003 CaOOAMICUS 005 20170510000000.0 008 170510s1823 it u000 u ita u 013 $a233019 026 $adial o-na ueel mad' (7) 1823 (A) 040 $aSeMil$bita 245 10$aTomo 6. 300 $a230, [2] p. , [3] c. di tav. :$bill. calcogr. 490 0 $aCompendio della Storia universale antica e moderna ;$v65 773 0 $aAdams, John <1750-1814>$tStoria della Gran Brettagna dai primi tempi sino a' di nostri di Giovanni Adams traduzione dall'inglese di Davide Bertolotti con aggiunte. In continuazione del Compendio della Storia Universale del sig. Conte di Segur. Tomo 1. [-8. ed ultimo].$dMilano : Dalla Tipografia di commercio ; vendesi da Fusi, Stella e compagni, 1822-1823.$g6$w()4860 830 0$aCompendio della Storia universale antica e moderna ;$v65.$0(OLS)http://semarc/title/401073 850 $aSeMil 852 $aSeMil$W1$xVenegono$y1$m3V I 65 FA$j204460$B204460$CSeMilBibl$Z2$F217851 $8I 996 $6245$aTomo 6$9(OLS)http://semarc/title/194410 LEADER 00524nab a2200145 i 4500 001 000000311466 003 CaOOAMICUS 005 20180831173033.0 008 180831n xx uu u0 0und r 013 $a20555 040 $aSeMil$bita 100 1 $aMeda, Filippo,$d<1869-1939>.$0(OLS)http://semarc/name/53541 245 10$aCristoforo Colombo. (Nel quarto centenario della sua morte) 773 0 $t[Gennaio-Giugno].$g413-425$w()274180 996 $6245$aCristoforo Colombo. (Nel quarto centenario della sua morte)$9(OLS)http://semarc/title/386066